Mrs. Yonkers is bonkers! / (Record no. 742)

MARC details
000 -LEADER
fixed length control field 01196nam a22003377a 4500
005 - DATE AND TIME OF LATEST TRANSACTION
control field 20250218093220.0
020 ## - INTERNATIONAL STANDARD BOOK NUMBER
International Standard Book Number 0061234761
020 ## - INTERNATIONAL STANDARD BOOK NUMBER
International Standard Book Number 9780061234767
040 ## - CATALOGING SOURCE
Original cataloging agency JZE
Transcribing agency JZE
Modifying agency BAKER
-- DLC
Language of cataloging eng
050 00 - LIBRARY OF CONGRESS CALL NUMBER
Classification number PZ7.G9846
Item number Mu 2007b
082 00 - DEWEY DECIMAL CLASSIFICATION NUMBER
Classification number [Fic]
Edition number 22
100 1# - MAIN ENTRY--PERSONAL NAME
Personal name Gutman, Dan.
245 10 - TITLE STATEMENT
Title Mrs. Yonkers is bonkers! /
Statement of responsibility, etc. Dan Gutman ; pictures by Jim Paillot.
250 ## - EDITION STATEMENT
Edition statement First Harper Trophy edition, 2007
260 ## - PUBLICATION, DISTRIBUTION, ETC.
Place of publication, distribution, etc. New York :
Name of publisher, distributor, etc. HarperCollins,
Date of publication, distribution, etc. 2007.
300 ## - PHYSICAL DESCRIPTION
Extent 101 pages :
Other physical details illustrations ;
Dimensions 20 cm.
490 0# - SERIES STATEMENT
Series statement My weird school ;
Volume/sequential designation Book 18
505 ## - FORMATTED CONTENTS NOTE
Formatted contents note N <br/>
520 ## - SUMMARY, ETC.
Summary, etc. As the new computer lab teacher tries to bring Ella Mentry School into the twenty-first century with her peculiar inventions, second-grader A.J. struggles to survive without sugary snacks when principal Klutz bans junk food.
521 0# - TARGET AUDIENCE NOTE
Target audience note 580
Source Lexile <br/>
521 0# - TARGET AUDIENCE NOTE
Target audience note N <br/>
Source Raz-Plus <br/>
650 #1 - SUBJECT ADDED ENTRY--TOPICAL TERM
Topical term or geographic name entry element Schools
Form subdivision Fiction.
650 #1 - SUBJECT ADDED ENTRY--TOPICAL TERM
Topical term or geographic name entry element Inventions
Form subdivision Fiction.
650 #1 - SUBJECT ADDED ENTRY--TOPICAL TERM
Topical term or geographic name entry element Teachers
Form subdivision Fiction.
650 #1 - SUBJECT ADDED ENTRY--TOPICAL TERM
Topical term or geographic name entry element Junk food
Form subdivision Fiction.
650 #1 - SUBJECT ADDED ENTRY--TOPICAL TERM
Topical term or geographic name entry element Humorous stories.
700 1# - ADDED ENTRY--PERSONAL NAME
Personal name Paillot, Jim,
Relator term illustrator.
906 ## - LOCAL DATA ELEMENT F, LDF (RLIN)
a 7
b cbc
c copycat
d 2
e ncip
f 20
g y-gencatlg
942 ## - ADDED ENTRY ELEMENTS (KOHA)
Source of classification or shelving scheme Dewey Decimal Classification
Koha item type Books
Suppress in OPAC No
999 ## -
-- 742
-- 742
Holdings
Withdrawn status Lost status Source of classification or shelving scheme Damaged status Not for loan Collection Home library Current library Shelving location Date acquired Total Checkouts Full call number Barcode Date last seen Date last checked out Price effective from Koha item type Copy number
    Dewey Decimal Classification     Juvenile Fiction Footprints International School Library Network Toul Kork Campus Footprints International School Library Network Toul Kork Campus TK Primary Library Room(4th Floor), Bookcase 3&4, Shelves 17-32, Yellow Books 07/05/2023 2 GUT 813.54 PZ7.G9846 FISTK00544 06/04/2024 10/23/2023 07/05/2023 Books  
    Dewey Decimal Classification     Juvenile Fiction Footprints International School Library Network Toul Kork Campus Footprints International School Library Network Toul Kork Campus TTP Primary Yellow Bookshelves 02/18/2025   GUT 813.54 PZ7.G9846 2025-0593 02/18/2025   02/18/2025 Books 2